000 00372nam a2200145Ia 4500
008 240624s9999 xx 000 0 und d
041 _aeng
082 _a302.35 PAR
100 _aPAREEK UDAI
245 _aUNDERSTANDING ORGANIZATIONAL BEHAVIOUR
250 _a(3rd ed.)
260 _c2013
_aNew Delhi
_bOxford
300 _axviii, : 753 : p. : cm. ; 26
365 _cRS
_b31
999 _c25033
_d25033